Teaching reading in the middle grades (Record no. 24408)

000 -LEADER
fixed length control field 00853nam a2200253 4500
001 - CONTROL NUMBER
control field 2195826
005 - DATE AND TIME OF LATEST TRANSACTION
control field 20170128122141.0
008 - FIXED-LENGTH DATA ELEMENTS--GENERAL INFORMATION
fixed length control field 740521s1974 mau b 001 0 eng
010 ## - LIBRARY OF CONGRESS CONTROL NUMBER
LC control number 73011891
020 ## - INTERNATIONAL STANDARD BOOK NUMBER
International Standard Book Number 0201070480
050 00 - LIBRARY OF CONGRESS CALL NUMBER
Classification number LB1573 .S773 1976
100 1# - MAIN ENTRY--PERSONAL NAME
Personal name Smith, Richard John,
Dates associated with a name 1930-
245 10 - TITLE STATEMENT
Title Teaching reading in the middle grades
Statement of responsibility, etc. [by] Richard J. Smith [and] Thomas C. Barrett.
260 ## - PUBLICATION, DISTRIBUTION, ETC. (IMPRINT)
Place of publication, distribution, etc. Reading, Mass.,
Name of publisher, distributor, etc. Addison-Wesley Pub. Co.
Date of publication, distribution, etc. [1974]
300 ## - PHYSICAL DESCRIPTION
Extent xii, 196 p.
Dimensions 24 cm.
490 0# - SERIES STATEMENT
Series statement Addison-Wesley series in education
504 ## - BIBLIOGRAPHY, ETC. NOTE
Bibliography, etc Includes bibliographical references.
650 #0 - SUBJECT ADDED ENTRY--TOPICAL TERM
Topical term or geographic name as entry element Reading (Elementary)
700 1# - ADDED ENTRY--PERSONAL NAME
Personal name Barrett, Thomas C.,
Relator term joint author.
942 ## - ADDED ENTRY ELEMENTS (KOHA)
Source of classification or shelving scheme
Koha item type Hard Covered Materials
Holdings
Withdrawn status Lost status Source of classification or shelving scheme Damaged status Not for loan Home library Current library Shelving location Date acquired Source of acquisition Total Checkouts Full call number Barcode Date last seen Price effective from Koha item type
          MACHAKOS UNIVERSITY LIBRARY MACHAKOS UNIVERSITY LIBRARY Technical section 28/01/2017 Donation(BFA)   LB1573 .S773 1976 32677 31/05/2018 28/01/2017 Hard Covered Materials
© Machakos University Library, Along The Highway, Machakos Wote Rd, Machakos, Kenya P.O. Box 136 - 90100 Machakos - Kenya

Tel: ( +254 ) 723 805829 OR Fax : 044-20353 OR Email: library@mksu.ac.ke